| 000 | 00615nam a22001697a 4500 | ||
|---|---|---|---|
| 008 | 161115b xxu||||| |||| 00| 0 eng d | ||
| 050 | _aD16.4.S58 1995 | ||
| 100 |
_aSlim, Hugo _927441 |
||
| 245 |
_aListening for a change: _boral testimony and development _c/Hugo Slim and Paul Thompson |
||
| 260 |
_aLondon _bPanos Publications Ltd. _c1995 |
||
| 300 |
_avii,147p.; _c21cm. |
||
| 650 |
_aOral history _927442 |
||
| 650 |
_aEconomic policy _xCitizen participation _927443 |
||
| 650 |
_aEconomic development project _xDeveloping countries _927444 |
||
| 710 |
_aPaul Thompson _ejt. au. _927445 |
||
| 942 |
_2lcc _cMONOGRAPH |
||
| 999 |
_c125725 _d125725 |
||